Normal view
MARC view
- Aleixandre, Marilar,
Entry Nombre Personal
001 - NUMERO DE CONTROL
- campo de control: 33112
003 - IDENTIFICADOR DE NUMERO DE CONTROL
- campo de control: UPN
005 - FECHA Y HORA DE LA ÜLTIMA TRANSACCIÓN
- campo de control: 20210219194439.0
008 - DATOS DE LONGITUD FIJA
- campo de control de longitud fija: nabaccnnaabn|||||||||| b |nc|||||d
035 ## - NUMERO DE CONTROL
- Número de control: UPN11000005219
040 ## - FUENTE DE CATALOGACIÓN
- Lenguaje de catalogación: SPA
- Agencia de transcripción: UPN
053 #4 - NÚMERO DE CLASIFICACIÓN LC
- Número de clasificación elemento-número único o número inicial de tramo: PQ6651 L4.4
100 1# - ENCABEZAMIENTO - NOMBRE PERSONAL
- Nombre personal: Aleixandre, Marilar,
- Fechas asociadas con el nombre: 1947-
400 1# - VEÁSE - NOMBRE DE PERSONA
- Personal name: Jiménez Aleixandre, María Pilar,
- Dates associated with a name: 1947-
670 ## - FUENTE EN LA QUE SE LOCALIZARON DATOS
- Cita de la fuente: LC
680 ## - NOTA PUBLICA DE ACCESO PÚBLICO
- Frase explicativa de la referencia: Escritora española
902 ## - CATALOGADOR
- Catalogador: MMA/060213
